Top 15 Animals That Kill Humans - Statistics

General Stats
  • This quiz has been taken 358 times
  • The average score is 8 of 15
Answer Stats
Hint Answer % Correct
10 Shark
93%
100 Lion
92%
725,000 Mosquito
86%
50,000 Snake
86%
25,000 Dog
77%
500 Hippopotamus
71%
100 Elephant
64%
1,000 Crocodile
61%
10 Wolf
48%
475,000 Human
36%
10,000 Tsetse Fly
33%
2,000 Tapeworm
15%
2,500 Ascaris Roundworm
14%
10,000 Freshwater Snail
13%
10,000 Assassin Bug
5%
No matching quizzes found
Score Distribution
Percent of People with Each Score
Percentile by Number Answered
Your Score History
You have not taken this quiz